000 00348nam a2200145Ia 4500
008 191201s2008 xx 000 0 und d
082 _a621.38043
_bHAS
100 _aHAYKIN, Simon
245 0 _aSignal and Systems
250 _aRep.
260 _aN.Delhi
_bWiley Dreautech India
_c2008
300 _a802
650 _aB.Tech(ECE)
942 _2ddc
_cBK
999 _c3815
_d3815